Ekonomická psychológia a sociológia

Enregistré dans:
Détails bibliographiques
Collectivité auteur: Vysoká škola ekonomická v Bratislave. Fakulta riadenia
Format: Livre
Langue:slovaque
Publié: Bratislava VŠE 1988
Édition:2. vyd.
Tags: Ajouter un tag
Pas de tags, Soyez le premier à ajouter un tag!

MARC

LEADER 00000nam a2200000 4500
001 c025667
005 20221219091532.4
041 0 |a slo 
044 |a SK 
245 1 0 |a Ekonomická psychológia a sociológia 
250 |a 2. vyd. 
264 1 |a Bratislava  |b VŠE  |c 1988 
300 |a 216 s. 
710 2 |a Vysoká škola ekonomická v Bratislave. Fakulta riadenia